Tin học từ căn bản đến nâng cao: Lý thuyết bài tập C++ và C#

Gespeichert in:
Bibliographische Detailangaben
1. Verfasser: Hoàn Vũ
Format: Buch
Sprache:Undetermined
Veröffentlicht: Thành phố Hồ Chí Minh Tổng Hợp Thành phố Hồ Chí Minh 2006
Schlagworte:
Tags: Tag hinzufügen
Keine Tags, Fügen Sie den ersten Tag hinzu!
Thư viện lưu trữ: Trung tâm Học liệu Trường Đại học Cần Thơ
LEADER 00704nam a2200193Ia 4500
001 CTU_110527
008 210402s9999 xx 000 0 und d
020 |c 50000 
082 |a 005.133 
082 |b V500 
100 |a Hoàn Vũ 
245 0 |a Tin học từ căn bản đến nâng cao: Lý thuyết bài tập C++ và C# 
245 0 |c Biên soạn: Hoàn Vũ, Đăng Khoa, Công Sơn 
260 |a Thành phố Hồ Chí Minh 
260 |b Tổng Hợp Thành phố Hồ Chí Minh 
260 |c 2006 
650 |a C ( computer program language ),C++ ( computer program language ) 
904 |i Mai Loan 
980 |a Trung tâm Học liệu Trường Đại học Cần Thơ